| 000 | 01420nam a2200457 c 4500 | ||
|---|---|---|---|
| 001 | 58989 | ||
| 003 | DO-SdBNP | ||
| 005 | 20171109100434.0 | ||
| 007 | 58989 | ||
| 008 | 150623s2010 sp | |||| 000 0 spa | ||
| 015 | _a | ||
| 017 |
_a _b |
||
| 020 | _a9786071105073 | ||
| 035 | _a | ||
| 040 |
_aBPMSU _bspa _cBPMSU _e |
||
| 080 | _a | ||
| 080 | _a | ||
| 082 | 4 |
_a330.973 _bS855c |
|
| 100 | 1 |
_aStiglitz, Joseph E. _d1943- _4 |
|
| 240 | 1 | 0 |
_aFreefall. America, free markets and sinking of the world economy _lEspañol |
| 245 | 1 | 0 |
_aCaída libre : _bel libre mercado y el hundimiento de la economía mundial / _cJoseph E. Stiglitz ; traducción de Alejandro Pradera y Núria Petit |
| 250 | _a | ||
| 260 | 0 |
_aMéxico, D.F. : _bTaurus, _c2010 |
|
| 300 |
_a423 p. ; _c19 cm |
||
| 336 |
_a _2 |
||
| 337 |
_a _2 |
||
| 490 | 1 | _aPensamiento | |
| 504 | _a | ||
| 586 | _aPremio nobel de economía | ||
| 650 | 4 |
_aCRISIS FINANCIERA _zESTADOS UNIDOS |
|
| 650 | 4 |
_aFINANZAS _xPOLÍTICA GUBERNAMENTAL _zESTADOS UNIDOS |
|
| 651 | 4 |
_aESTADOS UNIDOS _xPOLÍTICA ECONÓMICA _y1993-2009 |
|
| 700 | 1 | 2 |
_aPradera, Alejandro, _etraductor |
| 700 | 1 | 2 |
_aPetit Fontsere, Nuria, _etraductor |
| 830 | _aPensamiento | ||
| 901 | _aBC-BNE | ||
| 910 | _aValidado. Control de calidad MFF | ||
| 942 |
_2ddc _cBK |
||
| 945 | _aInventariado, 2017/MFF | ||
| 956 |
_aVMATEO _b10 _c20160831 _dBPMSU _f0069 |
||
| 999 |
_c11243 _d11243 |
||